000 00494nam a2200181Ia 4500
005 20260415160318.0
008 008 250505s9999 xx 000 0 eng d
037 _aTextual
040 _aFEDL
_beng
_cFEDL
041 _aeng
_2eng
084 _a660 RAM
_qFEDL
100 _aRanshaw G S
245 0 _aHow things are made
260 _aLondon, UK
_bBurke Publishing Company Ltd.
_c1946
300 _a160p.
942 _cTEXL
_h660 RAM
999 _c1321549
_d1321549